00910nam a2200265 a 4500001001000000003000900010005001700019007000300036008004100039040003000080041000800110082002400118100004400142245004100186264008500227300004400312336002700356337003300383338002800416490002200444500006400466650003000530650003300560710005100593000009792DO-SdBNP20250717074015.0ta091001s1986 dr a 000 p spa d aDO-SdBNPbspacBNPHUerda hspa 4aRD861.44bC697v2221 aCollado, Miguel A.,d1954-eautor4aut.13aEl viento y yo /cMiguel A. Collado  4aSanto Domingo :bBiblioteca Nacional Pedro Henríquez Ureña (BNPHU),c©1986. a34 páginas :bilustraciones ;c21 cm. atextobtxt2rdacontent asin mediaciónbn2rdamedia avolumenbnc2rdacarrier0 aColección Orfeo aIncluye datos biográficos del autor en la contracubierta  7aPoesía dominicana2LEMB 7aLiteratura dominicana.2LEMB2 aBiblioteca Nacional Pedro Henríquez Ureña